[Event "European Rapid 2017"]
[Site "Katowice POL"]
[Date "2017.12.16"]
[Round "6.23"]
[White "Gazik, Viktor"]
[Black "Pavlidis, Antonios"]
[Result "0-1"]
[WhiteTitle "IM"]
[BlackTitle "GM"]
[WhiteElo "2479"]
[BlackElo "2539"]
[WhiteFideId "14928752"]
[BlackFideId "4212312"]
[EventDate "2017.12.16"]

1. Nf3 Nf6 2. g3 g6 3. Bg2 Bg7 4. O-O O-O 5. c4 Nc6 6. Nc3 d5 7. cxd5 Nxd5 8. d4
e5 9. Bg5 Nxc3 10. bxc3 f6 11. Be3 e4 12. Nd2 f5 13. Nb3 a5 14. Rc1 Ne7 15. c4
a4 16. Nc5 Qe8 17. Qd2 b6 18. Nd3 Be6 19. Nf4 Bf7 20. h4 Rd8 21. d5 b5 22. Bc5
bxc4 23. Qb4 Bf6 24. Rfd1 c3 25. f3 e3 26. Rd3 Rb8 27. Qa5 Qb5 28. Qxb5 Rxb5 29.
Bxe7 Bxe7 30. Rcxc3 Bd6 31. Rc4 a3 32. Rxe3 Bc5 33. Rxc5 Rxc5 34. Rxa3 Bxd5 35.
Nxd5 Rxd5 36. f4 Rd2 37. Bf3 c5 38. Rc3 Rc8 39. a4 Kf8 40. a5 Ra2 41. Bb7 Re8
42. a6 Rexe2 43. Kf1 Reb2 44. Rc1 Ke7 45. Ke1 Kd6 46. Kd1 Rb3 47. Rc2 Rb1+ 48.
Kd2 Rxc2+ 49. Kxc2 Rxb7 0-1

[Event "European Rapid 2017"]
[Site "Katowice POL"]
[Date "2017.12.16"]
[Round "6.24"]
[White "Bartel, Mateusz"]
[Black "Tymrakiewicz, Rafal"]
[Result "1-0"]
[WhiteTitle "GM"]
[BlackTitle "FM"]
[WhiteElo "2609"]
[BlackElo "2272"]
[WhiteFideId "1112635"]
[BlackFideId "1108832"]
[EventDate "2017.12.16"]

1. e4 c6 2. d4 d5 3. e5 c5 4. Nf3 Nc6 5. dxc5 e6 6. a3 a5 7. Be3 Nh6 8. c3 a4 9.
Bd3 Qa5 10. Nbd2 Bxc5 11. Bxh6 gxh6 12. O-O Qc7 13. Qe2 Be7 14. Rfe1 Bd7 15. Nf1
Na5 16. Ng3 b5 17. Qe3 Nc4 18. Bxc4 bxc4 19. Qxh6 O-O-O 20. Nh5 Rdg8 21. Qf4 Be8
22. Nf6 Bxf6 23. Qxf6 h6 24. Nd4 Qd8 25. Qxd8+ Kxd8 26. Re3 Rg6 27. Rae1 Rhg8
28. Rg3 Ke7 29. Rxg6 fxg6 30. f4 Bd7 31. Kf2 Rb8 32. Re2 Kf7 33. g4 Ke7 34. Kg3
Rf8 35. Rf2 Rb8 36. Re2 Rf8 37. h3 Rg8 38. Kf3 Rf8 39. Ke3 Rg8 40. Rh2 Rb8 41.
h4 h5 42. gxh5 gxh5 43. Rg2 Kf7 44. Nf3 Be8 45. Kd4 Bd7 46. Ng5+ Ke7 47. Nh7 Be8
48. Rg7+ Kd8 49. Nf6 Rc8 50. Nxe8 Kxe8 51. Rg8+ Kd7 52. Rxc8 Kxc8 53. Kc5 Kc7
54. Kb5 Kb7 55. Kxa4 Kc6 56. Kb4 Kb6 57. a4 Ka6 58. a5 Kb7 59. Kb5 Kc7 60. Kc5
Kb7 61. f5 exf5 62. e6 Kc7 63. a6 f4 64. Kd4 f3 65. Ke3 1-0

[Event "European Rapid 2017"]
[Site "Katowice POL"]
[Date "2017.12.16"]
[Round "6.25"]
[White "Brunello, Sabino"]
[Black "Hansen, Mads Smith"]
[Result "1-0"]
[WhiteTitle "GM"]
[WhiteElo "2553"]
[BlackElo "2347"]
[WhiteFideId "813613"]
[BlackFideId "1400258"]
[EventDate "2017.12.16"]

1. b3 d5 2. Bb2 Nf6 3. c4 d4 4. Nf3 c5 5. b4 g6 6. g3 Bg7 7. d3 O-O 8. bxc5 Nc6
9. Nbd2 Nd7 10. Bg2 Nxc5 11. O-O Re8 12. Rb1 e5 13. Ne1 Qc7 14. Ba3 Qa5 15. Bxc5
Qxc5 16. Rb5 Qe7 17. Qb1 Qc7 18. Nc2 Rb8 19. c5 Be6 20. Ne4 Red8 21. Na3 Bf8 22.
Rc1 Be7 23. Nc4 Rd7 24. h4 Bd5 25. Ned6 Bxg2 26. Kxg2 Bxd6 27. Nxd6 b6 28. Ne4
bxc5 29. Nf6+ 1-0

[Event "European Rapid 2017"]
[Site "Katowice POL"]
[Date "2017.12.16"]
[Round "6.26"]
[White "Buhmann, Rainer"]
[Black "Goluch, Piotr"]
[Result "0-1"]
[WhiteTitle "GM"]
[BlackTitle "FM"]
[WhiteElo "2584"]
[BlackElo "2308"]
[WhiteFideId "4651340"]
[BlackFideId "1137840"]
[EventDate "2017.12.16"]

1. e4 c6 2. d4 d5 3. exd5 cxd5 4. Bd3 Nc6 5. c3 Nf6 6. Bf4 Bg4 7. Qb3 Qc8 8. Nd2
e6 9. Ngf3 Be7 10. O-O O-O 11. Rfe1 Bh5 12. Qc2 Bg6 13. Bxg6 hxg6 14. Qd3 Nh5
15. Bg5 Qc7 16. g3 Bd6 17. Re2 b5 18. Kg2 Rab8 19. Rae1 Rfe8 20. Ne5 Nf6 21. h4
Nh7 22. Bf4 Bxe5 23. Rxe5 Nxe5 24. Bxe5 Qa5 25. Bxb8 Rxb8 26. a3 Nf6 27. Nb3 Qb6
28. Nc5 a5 29. b4 a4 30. Qf3 Qc6 31. g4 Rc8 32. Re3 Ne4 33. Qe2 Nd6 34. h5 gxh5
35. gxh5 Nf5 36. Re5 Rb8 37. Qg4 Qd6 38. Qf4 Rb6 39. Qg4 Qd8 40. Kh3 Rc6 41. Re1
Qf6 42. Qf4 Qh6 43. Kg4 Qxf4+ 44. Kxf4 Kf8 45. Rh1 Ke7 46. Kf3 Rc8 47. Kg2 Nd6
48. Ra1 Rh8 49. Nd3 Rxh5 50. Ne5 f6 51. Ng6+ Kf7 52. Nf4 Rg5+ 53. Kf3 Rf5 54.
Kg4 Ne4 55. f3 Rg5+ 56. Kh4 Nd2 57. Kh3 Nxf3 58. Rf1 Nd2 59. Re1 Ne4 60. c4 bxc4
61. Kh2 Rf5 62. Ng2 Rf2 63. Rb1 Rf3 64. b5 Rb3 0-1

[Event "European Rapid 2017"]
[Site "Katowice POL"]
[Date "2017.12.16"]
[Round "6.27"]
[White "Kashtanov, Ruslan"]
[Black "Kovalev, Vladislav"]
[Result "0-1"]
[WhiteTitle "IM"]
[BlackTitle "GM"]
[WhiteElo "2376"]
[BlackElo "2639"]
[WhiteFideId "4124871"]
[BlackFideId "13504398"]
[EventDate "2017.12.16"]

1. Nf3 Nf6 2. c4 g6 3. Nc3 Bg7 4. e4 d6 5. d4 O-O 6. Be2 e5 7. d5 Na6 8. Nd2 Ne8
9. h4 h5 10. Nf3 Nf6 11. Bg5 Qe8 12. Nd2 Bd7 13. f3 Nh7 14. Be3 f5 15. Qb3 Nc5
16. Qc2 a5 17. O-O-O Rf7 18. Rdg1 Nf6 19. Kb1 Qf8 20. Bxc5 dxc5 21. exf5 gxf5
22. Bd3 Ne8 23. Nb5 c6 24. dxc6 bxc6 25. Nc3 Nc7 26. Na4 Rb8 27. a3 Ne6 28. Nb3
e4 29. fxe4 fxe4 30. Bxe4 Rf2 31. Qd3 Qf6 0-1

[Event "European Rapid 2017"]
[Site "Katowice POL"]
[Date "2017.12.16"]
[Round "6.28"]
[White "Lewicki, Miroslaw"]
[Black "Aleksandrov, Aleksej"]
[Result "1/2-1/2"]
[WhiteTitle "CM"]
[BlackTitle "GM"]
[WhiteElo "2404"]
[BlackElo "2589"]
[WhiteFideId "1113380"]
[BlackFideId "13500139"]
[EventDate "2017.12.16"]

1. e4 e5 2. Nf3 Nc6 3. Bb5 Nf6 4. d3 d6 5. h3 g6 6. c3 Bg7 7. O-O O-O 8. Nbd2 a6
9. Ba4 b5 10. Bc2 Nb8 11. Re1 Nbd7 12. Nf1 Bb7 13. d4 exd4 14. cxd4 c5 15. Bf4
Qb6 16. Ng3 Rfe8 17. dxc5 Nxc5 18. Nd2 h5 19. b4 Ncd7 20. Nf3 Ne5 21. Nxe5 dxe5
22. Be3 Qc7 23. f3 h4 24. Nf1 Nh5 25. Bb3 Nf4 26. Rc1 Qe7 27. Bxf4 exf4 28. Qd2
Rad8 29. Bd5 Bxd5 30. exd5 Qa7+ 31. Kh1 Rxe1 32. Qxe1 Rxd5 33. Rc8+ Kh7 34.
Qxh4+ Rh5 35. Qxf4 Qd7 36. Rc7 Qd1 37. Rc1 Qd7 38. Ng3 Rd5 39. Ne4 Qe7 40. a3
Bb2 41. Rc7 Rd1+ 42. Kh2 Qe5 43. Rxf7+ Kg8 44. Rf8+ Kg7 45. Rf7+ Kg8 46. Rf8+
Kg7 47. Rf7+ 1/2-1/2

[Event "European Rapid 2017"]
[Site "Katowice POL"]
[Date "2017.12.16"]
[Round "6.29"]
[White "Saric, Ivan"]
[Black "Natsidis, Christoph"]
[Result "1-0"]
[WhiteTitle "GM"]
[BlackTitle "FM"]
[WhiteElo "2669"]
[BlackElo "2345"]
[WhiteFideId "14508150"]
[BlackFideId "24601179"]
[EventDate "2017.12.16"]

1. e4 c5 2. Nf3 e6 3. d4 cxd4 4. Nxd4 a6 5. Bd3 Nf6 6. O-O Qc7 7. Qe2 d6 8. f4
g6 9. f5 Bg7 10. Be3 O-O 11. Nd2 Nc6 12. c3 Bd7 13. fxe6 fxe6 14. Nc4 b5 15. Nd2
Ne5 16. Bc2 Neg4 17. Bb3 Rae8 18. h3 Nxe3 19. Qxe3 Qc5 20. N2f3 h6 21. Rae1 Kh7
22. e5 Nd5 23. Bxd5 Qxd5 24. Rd1 Qxa2 25. b3 Qa5 26. exd6 e5 27. Nc2 Qa2 28. Nb4
Qxb3 29. Nxa6 Bc6 30. d7 Rd8 31. Nc5 Rxf3 32. Qxf3 Bxf3 33. Nxb3 Bxd1 34. Rxd1
Bf8 35. Na5 1-0

[Event "European Rapid 2017"]
[Site "Katowice POL"]
[Date "2017.12.16"]
[Round "6.30"]
[White "Budrewicz, Krzysztof"]
[Black "Saric, Ante"]
[Result "0-1"]
[BlackTitle "GM"]
[WhiteElo "2204"]
[BlackElo "2540"]
[WhiteFideId "1127950"]
[BlackFideId "14506254"]
[EventDate "2017.12.16"]

1. d4 Nf6 2. c4 e6 3. a3 d5 4. Nc3 dxc4 5. e4 c5 6. Nf3 cxd4 7. Qxd4 Qxd4 8.
Nxd4 a6 9. Bxc4 Bc5 10. Nb3 Ba7 11. O-O b5 12. Bd3 Nc6 13. Bg5 Bb7 14. Rfe1 Ng4
15. Bh4 g5 16. Bg3 h5 17. h4 gxh4 18. Bxh4 Nce5 19. Be2 Ng6 20. Bxg4 Nxh4 21.
Bh3 Bb6 22. Rac1 Ke7 23. Kf1 Rad8 24. Ke2 Ng6 25. Red1 Nf4+ 26. Kf1 Rd3 27. Rxd3
Nxd3 28. Rc2 Nf4 29. Rd2 Rc8 30. Kg1 Rc4 31. e5 Bc7 32. Ne2 Nxh3+ 33. gxh3 Bxe5
34. Na5 Rc7 35. Nxb7 Rxb7 36. f4 Bh8 37. Rd3 Bxb2 38. Ng3 h4 39. Ne4 Rc7 40. Kf2
f5 41. Rb3 Rc2+ 0-1

[Event "European Rapid 2017"]
[Site "Katowice POL"]
[Date "2017.12.16"]
[Round "6.31"]
[White "Tari, Aryan"]
[Black "Orndahl, Markus"]
[Result "1-0"]
[WhiteTitle "GM"]
[WhiteElo "2593"]
[BlackElo "2182"]
[WhiteFideId "1510045"]
[BlackFideId "1709135"]
[EventDate "2017.12.16"]

1. e4 c5 2. Nf3 e6 3. d4 cxd4 4. Nxd4 Nf6 5. Nc3 Nc6 6. Ndb5 Bb4 7. a3 Bxc3+ 8.
Nxc3 d5 9. exd5 Nxd5 10. Bd2 e5 11. Nxd5 Qxd5 12. Be3 Qxd1+ 13. Rxd1 Bf5 14. Rd2
O-O 15. Bc4 Rfd8 16. Ke2 Rxd2+ 17. Kxd2 Rc8 18. Rc1 a6 19. Be2 Rd8+ 20. Ke1 Nd4
21. Bd1 Be6 22. b4 Bc4 23. c3 Nf5 24. Bb6 Rd6 25. Bc5 Rh6 26. Bf3 b6 27. Rd1 f6
28. Rd8+ Kf7 29. Bxb6 Rxh2 30. g3 h5 31. Rc8 Bd3 32. Bd5+ Kg6 33. Rd8 e4 34. c4
h4 35. gxh4 Nxh4 36. Kd2 Kf5 37. Kc3 Rh1 38. b5 axb5 39. c5 Rc1+ 40. Kb4 Bc4 41.
Bxc4 bxc4 42. c6 Rb1+ 43. Ka5 c3 44. c7 1-0

[Event "European Rapid 2017"]
[Site "Katowice POL"]
[Date "2017.12.16"]
[Round "6.32"]
[White "Miezis, Normunds"]
[Black "Troyke, Christian"]
[Result "1-0"]
[WhiteTitle "GM"]
[BlackTitle "IM"]
[WhiteElo "2434"]
[BlackElo "2348"]
[WhiteFideId "11600136"]
[BlackFideId "4616278"]
[EventDate "2017.12.16"]

1. c4 g6 2. Nc3 Bg7 3. g3 Nf6 4. Bg2 O-O 5. e4 d6 6. Nge2 c6 7. d4 e5 8. O-O
Nbd7 9. h3 exd4 10. Nxd4 Re8 11. Re1 a5 12. b3 Nc5 13. Bf4 Nh5 14. Be3 Nf6 15.
Qc2 Bd7 16. Rad1 Qc8 17. Kh2 Re5 18. f3 d5 19. exd5 cxd5 20. Nxd5 Nxd5 21. cxd5
Rh5 22. g4 Rxd5 23. f4 Rd6 24. Nf5 Bxf5 25. gxf5 Rxd1 26. Rxd1 Bf8 27. Rc1 b6
28. fxg6 hxg6 29. Bd5 Kh7 30. Bxf7 Qf5 31. Qxf5 gxf5 32. Rg1 Bd6 33. Bg6+ Kh6
34. Bxf5 Re8 35. Rg6+ Kh5 36. Rxd6 Rxe3 37. Bg4+ 1-0

[Event "European Rapid 2017"]
[Site "Katowice POL"]
[Date "2017.12.16"]
[Round "6.33"]
[White "Dragicevic, Drazen"]
[Black "Mikhalchishin, Adrian"]
[Result "0-1"]
[WhiteTitle "FM"]
[BlackTitle "GM"]
[WhiteElo "2339"]
[BlackElo "2479"]
[WhiteFideId "1707922"]
[BlackFideId "14602385"]
[EventDate "2017.12.16"]

1. Nf3 Nf6 2. g3 d5 3. Bg2 b5 4. d4 e6 5. O-O Nbd7 6. b3 Bb7 7. c4 bxc4 8. bxc4
dxc4 9. Qa4 Bd6 10. Nc3 O-O 11. Qxc4 Nb6 12. Qd3 c5 13. Rd1 Rc8 14. Be3 c4 15.
Qc2 Nbd5 16. Bg5 Qa5 17. Bxf6 Qxc3 18. Qb1 Qb4 19. Be5 Be7 20. Qc2 Qa5 21. Rdb1
Nb4 22. Qc3 Be4 23. Rb2 Qa4 24. a3 Nd5 25. Qe1 c3 26. Rb7 c2 27. Nd2 Bxg2 28.
Kxg2 Qc6 0-1

[Event "European Rapid 2017"]
[Site "Katowice POL"]
[Date "2017.12.16"]
[Round "6.34"]
[White "Stupak, Kirill"]
[Black "Klabis, Rokas"]
[Result "1-0"]
[WhiteTitle "GM"]
[BlackTitle "FM"]
[WhiteElo "2588"]
[BlackElo "2366"]
[WhiteFideId "13503758"]
[BlackFideId "12805246"]
[EventDate "2017.12.16"]

1. d4 Nf6 2. c4 e6 3. g3 Bb4+ 4. Nc3 O-O 5. Bg2 Bxc3+ 6. bxc3 d6 7. Nf3 Nbd7 8.
O-O Rb8 9. Qc2 b6 10. e4 e5 11. a4 Bb7 12. Nd2 c5 13. Bb2 Re8 14. Rfe1 Qc7 15.
f3 a5 16. Nf1 Ba6 17. Ne3 Nf8 18. Red1 cxd4 19. cxd4 Ne6 20. Qf2 exd4 21. Bxd4
Nxd4 22. Rxd4 Nd7 23. Nf5 Nc5 24. Qb2 f6 25. Qa3 Ne6 26. Rxd6 Qxc4 27. Rc1 Qb4
28. Qxb4 axb4 29. Rb1 g6 30. Ne3 Nc5 31. Nd5 Red8 32. Rxd8+ Rxd8 33. Rxb4 Bb7
34. f4 Bxd5 35. exd5 Rd6 36. Rc4 Nb3 37. Rc6 Rd8 38. Rxb6 Nc5 39. a5 Kf8 40.
Rxf6+ Ke7 41. Rc6 Nd7 42. a6 Ra8 43. d6+ Kd8 44. Bh3 Nf6 45. a7 Nd7 46. Rc7 Nb6
47. Rxh7 1-0

[Event "European Rapid 2017"]
[Site "Katowice POL"]
[Date "2017.12.16"]
[Round "6.35"]
[White "Medarde Santiago, Luis Marcos"]
[Black "Warakomski, Tomasz"]
[Result "0-1"]
[WhiteTitle "FM"]
[BlackTitle "GM"]
[WhiteElo "2350"]
[BlackElo "2537"]
[WhiteFideId "2263076"]
[BlackFideId "1124552"]
[EventDate "2017.12.16"]

1. e4 c6 2. Nc3 d5 3. Nf3 g6 4. d4 Bg7 5. Bd3 Bg4 6. O-O e6 7. Re1 Ne7 8. h3
Bxf3 9. Qxf3 Bxd4 10. exd5 cxd5 11. Nb5 Bg7 12. Qg3 e5 13. Rxe5 O-O 14. Re2 Nbc6
15. Bg5 Bxb2 16. Rae1 f6 17. Bh6 Be5 18. f4 Bb8 19. Bxf8 Qxf8 20. Qg4 a6 21. Nc3
f5 22. Qh4 Bd6 23. Kh1 Bb4 24. Nxd5 Nxd5 25. Bc4 Qc5 26. Re7 Nxe7 27. Rxe7 Qxe7
28. Bxd5+ Kg7 0-1

[Event "European Rapid 2017"]
[Site "Katowice POL"]
[Date "2017.12.16"]
[Round "6.36"]
[White "Stauskas, Lukas"]
[Black "Krejci, Jan2"]
[Result "1-0"]
[BlackTitle "GM"]
[WhiteElo "2349"]
[BlackElo "2570"]
[WhiteFideId "12808148"]
[BlackFideId "322156"]
[EventDate "2017.12.16"]

1. d4 Nf6 2. c4 e6 3. Nc3 Bb4 4. Qc2 d5 5. cxd5 exd5 6. Bg5 h6 7. Bh4 Nc6 8. e3
g5 9. Bg3 h5 10. Bb5 h4 11. Be5 Bd7 12. Bxc6 Bxc6 13. Ne2 Rg8 14. a3 Be7 15. b4
a6 16. h3 Qd7 17. Rb1 Ne4 18. Nxe4 dxe4 19. Nc3 f6 20. Bh2 g4 21. Bf4 gxh3 22.
Rxh3 Rxg2 23. Rxh4 O-O-O 24. b5 axb5 25. Rh7 Rg1+ 26. Kd2 Rxb1 27. Qxb1 Kb8 28.
Nxe4 Bb4+ 29. Qxb4 Qxh7 30. Nc5 Rg8 31. Ne6 Rc8 32. Nxc7 Rxc7 33. Qf8+ Ka7 34.
Qd8 Kb6 35. d5 Qd7 36. Bxc7+ Qxc7 37. Qxf6 Ka7 38. Qd4+ Ka6 39. dxc6 bxc6 40.
Qc5 Qd7+ 41. Ke1 Kb7 42. f4 Qh3 43. Kd2 Qg2+ 44. Kc3 Qf1 45. Kd4 Qa1+ 46. Ke4
Qb1+ 47. Ke5 Qb2+ 48. Ke6 Qb3+ 49. Ke7 Qc4 50. Kd6 Qd3+ 51. Ke5 Kc7 52. f5 Qd2
53. Qa7+ Kc8 54. f6 Qd5+ 55. Kf4 Qd6+ 56. Kf5 Qd5+ 57. Kg6 Qe4+ 58. Kg7 Qg4+ 59.
Kf8 Qh4 60. Qd4 Qg5 61. f7 c5 62. Qd6 Qxe3 63. Qc6+ Kd8 64. Qe8+ 1-0

[Event "European Rapid 2017"]
[Site "Katowice POL"]
[Date "2017.12.16"]
[Round "6.37"]
[White "Bosiocic, Marin"]
[Black "Przedmojski, Rafal"]
[Result "1-0"]
[WhiteTitle "GM"]
[WhiteElo "2624"]
[BlackElo "2354"]
[WhiteFideId "14507927"]
[BlackFideId "1102451"]
[EventDate "2017.12.16"]

1. d4 d5 2. Nf3 e6 3. e3 Bd6 4. b3 c6 5. Bd3 f5 6. O-O Nf6 7. Ba3 Bxa3 8. Nxa3
O-O 9. c4 Qe7 10. Nc2 a5 11. Nce1 Bd7 12. Ne5 Be8 13. cxd5 cxd5 14. Rc1 Qd6 15.
Be2 Nfd7 16. Nxd7 Bxd7 17. Nd3 Nc6 18. Nc5 Rfb8 19. Bb5 Be8 20. a4 b6 21. Bxc6
Bxc6 22. Nd3 b5 23. Rc5 Be8 24. Qc2 h6 25. h3 Ra7 26. Rc1 bxa4 27. bxa4 Qd7 28.
Rc8 Raa8 29. Rc7 Qxa4 30. Qc5 Bf7 31. Ne5 Rf8 32. Nd7 Qb4 33. Qxb4 axb4 34. Nxf8
Kxf8 35. Rb7 1-0

[Event "European Rapid 2017"]
[Site "Katowice POL"]
[Date "2017.12.16"]
[Round "6.38"]
[White "Pavlidou, Ekaterini"]
[Black "Kantans, Toms"]
[Result "0-1"]
[WhiteTitle "WIM"]
[BlackTitle "GM"]
[WhiteElo "2196"]
[BlackElo "2484"]
[WhiteFideId "4213262"]
[BlackFideId "11602945"]
[EventDate "2017.12.16"]

1. c4 e5 2. Nc3 Nc6 3. g3 Bc5 4. Bg2 d6 5. e3 a6 6. Nge2 Ba7 7. O-O h5 8. h3 h4
9. g4 f5 10. gxf5 Bxf5 11. e4 Be6 12. d3 g5 13. Kh1 Qd7 14. Nd5 O-O-O 15. Bxg5
Rf8 16. f4 Bxh3 17. Bf3 Bxf1 18. Qxf1 exf4 19. b4 Ne5 20. Rd1 Qg7 21. Bxf4 c6
22. Bxe5 dxe5 23. Ndc3 Bd4 24. Nxd4 exd4 25. Ne2 h3 26. Qf2 Nh6 27. Rg1 Qf6 28.
Rg3 Kb8 29. Qxd4 Qxd4 30. Nxd4 Rd8 31. Ne6 Rxd3 32. Rxh3 Nf7 33. Rxh8+ Nxh8 34.
Be2 Re3 35. Bf1 Rxe4 36. Nc5 Re1 37. Kg2 Ng6 38. Kf2 Ra1 39. a4 Ne5 40. Be2 b6
41. Nxa6+ Ka7 42. c5 Rxa4 43. b5 Rxa6 44. bxa6 bxc5 45. Ke3 Nd7 46. Kd2 Nb8 47.
Kc3 Nxa6 48. Bxa6 Kxa6 49. Kc4 Kb6 50. Kc3 Kb5 51. Kb3 c4+ 52. Kc3 Kc5 53. Kc2
Kd4 54. Kd2 c3+ 55. Kc2 Kc4 56. Kc1 Kd3 57. Kd1 c2+ 58. Kc1 c5 0-1

[Event "European Rapid 2017"]
[Site "Katowice POL"]
[Date "2017.12.16"]
[Round "6.39"]
[White "Darmarakis, Mihail"]
[Black "Laurusas, Tomas"]
[Result "0-1"]
[BlackTitle "IM"]
[WhiteElo "2213"]
[BlackElo "2423"]
[WhiteFideId "4203720"]
[BlackFideId "12803731"]
[EventDate "2017.12.16"]

1. e4 c5 2. Nf3 e6 3. d4 cxd4 4. Nxd4 a6 5. c4 Nf6 6. Nc3 Bb4 7. Bd3 Qc7 8. Be3
O-O 9. Rc1 b6 10. a3 Bd6 11. Nf3 Ng4 12. Bd4 Nc6 13. e5 Ngxe5 14. Bxh7+ Kxh7 15.
Ng5+ Kg6 16. Bxe5 Bxe5 17. h4 Bb7 18. Qg4 Kh6 19. Nd5 exd5 20. cxd5 f5 21. Qf3 0-1

[Event "European Rapid 2017"]
[Site "Katowice POL"]
[Date "2017.12.16"]
[Round "6.40"]
[White "Jaracz, Pawel"]
[Black "Sroczynski, Maciej"]
[Result "1-0"]
[WhiteTitle "GM"]
[BlackTitle "FM"]
[WhiteElo "2465"]
[BlackElo "2309"]
[WhiteFideId "1102222"]
[BlackFideId "1121472"]
[EventDate "2017.12.16"]

1. e4 c5 2. Nf3 d6 3. Bc4 Nf6 4. d3 Nc6 5. O-O e6 6. Qe2 Be7 7. c3 O-O 8. Bb3 e5
9. h3 Na5 10. Bc2 Qc7 11. Nbd2 Nh5 12. Nb3 g6 13. Bh6 Ng7 14. d4 Nc6 15. dxc5
dxc5 16. Nbd2 Be6 17. Nc4 Rfd8 18. Ne3 Rac8 19. Bb3 Bf8 20. Bd5 Ne7 21. Bxg7
Bxg7 22. Bxe6 fxe6 23. Qc4 Qc6 24. a4 Qa6 25. Qxa6 bxa6 26. Nc4 Nc6 27. Rfd1 h6
28. Kf1 Rb8 29. Ke2 Kf7 30. Ra3 Rxd1 31. Kxd1 Bf6 32. Kc2 Ke7 33. Ne1 Bh4 34.
Nd3 h5 35. Rb3 Rxb3 36. Kxb3 Kf6 37. g3 Bg5 38. Nxc5 a5 39. Nd7+ Ke7 40. Ndxe5 1-0

[Event "European Rapid 2017"]
[Site "Katowice POL"]
[Date "2017.12.16"]
[Round "6.41"]
[White "Zaksaite, Salomeja"]
[Black "Olszewski, Michal"]
[Result "1-0"]
[WhiteTitle "WIM"]
[BlackTitle "GM"]
[WhiteElo "2278"]
[BlackElo "2540"]
[WhiteFideId "12801496"]
[BlackFideId "1121251"]
[EventDate "2017.12.16"]

1. e4 c5 2. Nf3 d6 3. d4 cxd4 4. Nxd4 Nf6 5. Nc3 a6 6. Bc4 Nbd7 7. Qe2 g6 8. f4
e5 9. Nf3 Bg7 10. O-O O-O 11. Kh1 b5 12. Bb3 Bb7 13. fxe5 dxe5 14. Bg5 Qc7 15.
Rad1 h6 16. Bh4 Rae8 17. a3 Nh5 18. Qd2 Nc5 19. Nd5 Bxd5 20. Bxd5 Nf4 21. Qb4
Nxd5 22. Rxd5 Ne6 23. Qd2 Nf4 24. Rd7 Qc4 25. Re1 Re6 26. g3 Nh5 27. Be7 Re8 28.
Bd8 Bf6 29. b3 Qc6 30. Rc7 Qb6 31. Qd7 R8e7 32. Bxe7 Rxe7 33. Qd8+ Kg7 34. Rc8
Qxd8 35. Rxd8 Rc7 36. Rd6 Rxc2 37. Rxa6 Rc3 38. Nd2 Rd3 39. Nf1 Rxb3 40. Ne3 Be7
41. a4 Bb4 42. Re2 bxa4 43. Rxa4 Bc5 44. Nd5 g5 45. Rc4 Bd4 46. Ne7 Rb1+ 47. Kg2
Rg1+ 48. Kh3 Nf4+ 49. gxf4 g4+ 50. Kh4 Bb6 1-0

[Event "European Rapid 2017"]
[Site "Katowice POL"]
[Date "2017.12.16"]
[Round "6.42"]
[White "Smolka, Marcin"]
[Black "Arnaudov, G. Petar"]
[Result "1/2-1/2"]
[BlackTitle "GM"]
[WhiteElo "2178"]
[BlackElo "2439"]
[WhiteFideId "1139681"]
[BlackFideId "2907127"]
[EventDate "2017.12.16"]

1. e4 g6 2. d4 Bg7 3. Nc3 c6 4. Nf3 d6 5. h3 Nf6 6. a4 O-O 7. Bc4 d5 8. Bd3 dxe4
9. Nxe4 Bf5 10. Nxf6+ Bxf6 11. Bxf5 Qa5+ 12. Bd2 Qxf5 13. O-O c5 14. dxc5 Bxb2
15. Rb1 Bf6 16. Be3 Qc8 17. c3 Nc6 18. Qb3 Rb8 19. Rfe1 Qc7 20. Nd4 Na5 21. Qb4
Nc6 22. Qb3 Rfd8 23. Nb5 Qa5 24. Nd4 Ne5 25. c6 Nxc6 26. Nxc6 bxc6 27. Qxb8 Rxb8
28. Rxb8+ Kg7 29. Ra8 a6 30. Rb1 Qxa4 31. Bd4 Bxd4 32. cxd4 a5 33. g3 h5 34. Rb7
h4 35. gxh4 c5 36. dxc5 Qd1+ 37. Kh2 Qc2 38. Kg3 Qc3+ 39. Kg2 Qxc5 40. Raa7 Qd5+
41. Kg1 Qd1+ 42. Kg2 Qd5+ 43. Kg1 e5 44. Rd7 Qf3 45. Rxa5 Qxh3 46. Raa7 Qg4+ 47.
Kf1 Qc4+ 48. Kg2 Qe4+ 49. Kf1 Qc4+ 50. Kg2 Qc6+ 51. Kg3 Qc3+ 52. Kg2 Qc6+ 53.
Kg3 Qc3+ 54. Kg2 Qc4 55. Rxf7+ Qxf7 56. Rxf7+ Kxf7 57. Kf3 Ke6 58. Ke4 Kf6 59.
f4 exf4 60. Kxf4 Kf7 61. Kg5 1/2-1/2

[Event "European Rapid 2017"]
[Site "Katowice POL"]
[Date "2017.12.16"]
[Round "6.43"]
[White "Jablonicky, Martin"]
[Black "Klekowski, Maciej"]
[Result "0-1"]
[WhiteTitle "FM"]
[BlackTitle "IM"]
[WhiteElo "2302"]
[BlackElo "2498"]
[WhiteFideId "14925621"]
[BlackFideId "1132717"]
[EventDate "2017.12.16"]

1. d4 Nf6 2. Nf3 e6 3. Bf4 c5 4. e3 Nc6 5. Nbd2 d5 6. c3 Be7 7. h3 Bd6 8. Bxd6
Qxd6 9. Bd3 O-O 10. Qe2 e5 11. dxc5 Qxc5 12. e4 h6 13. O-O Be6 14. exd5 Nxd5 15.
Nxe5 Nxc3 16. bxc3 Nxe5 17. Ne4 Qc7 18. Rfe1 Nxd3 19. Qxd3 Rfd8 20. Qe3 b6 21.
a4 Rd5 22. c4 Ra5 23. Rec1 Rc8 24. Qd4 Qc6 25. Nd6 Rg5 26. g4 Rd8 27. Rd1 Rd7
28. f4 Rc5 29. Rac1 Bxc4 30. a5 Be2 31. Rxc5 bxc5 32. Qe5 Bxd1 33. Nf5 Qf6 34.
Qe8+ Kh7 35. Qxd7 Bc2 36. Qd5 Bxf5 37. gxf5 Qd4+ 38. Qxd4 cxd4 39. Kf2 g5 40.
Kf3 d3 41. fxg5 hxg5 42. Ke3 Kh6 43. Kxd3 Kh5 44. Ke4 Kh4 45. Ke5 Kxh3 46. Kf6
g4 47. Kxf7 g3 48. f6 g2 49. Ke7 g1=Q 50. f7 Qc5+ 51. Ke8 Qe5+ 52. Kd7 Qf6 53.
Ke8 Qe6+ 54. Kf8 Kh4 55. Kg7 Qe5+ 56. Kg8 Qg5+ 57. Kh8 Qh6+ 58. Kg8 Qg6+ 0-1

[Event "European Rapid 2017"]
[Site "Katowice POL"]
[Date "2017.12.16"]
[Round "6.44"]
[White "Sammalvuo, Tapani"]
[Black "Barski, Radoslaw"]
[Result "1-0"]
[WhiteTitle "IM"]
[BlackTitle "IM"]
[WhiteElo "2416"]
[BlackElo "2452"]
[WhiteFideId "501115"]
[BlackFideId "1131710"]
[EventDate "2017.12.16"]

1. d4 Nf6 2. c4 g6 3. Nc3 Bg7 4. e4 d6 5. Nf3 O-O 6. Be2 e5 7. O-O Nc6 8. d5 Ne7
9. Ne1 Nd7 10. Be3 f5 11. f3 f4 12. Bf2 g5 13. g4 Nf6 14. c5 Rf7 15. Rc1 Ng6 16.
cxd6 cxd6 17. Qc2 h5 18. h3 hxg4 19. hxg4 Ne8 20. a4 Bf6 21. Nb5 a6 22. Na3 Bd7
23. Qb3 Rh7 24. Nd3 Qe7 25. Kg2 Rb8 26. Nc4 b5 27. Na5 Nh4+ 28. Bxh4 Rxh4 29.
Nc6 Qh7 30. Rh1 Rb7 31. Nf2 Kf8 32. axb5 axb5 33. Qa3 Bxc6 34. dxc6 Ra7 35. Rxh4
gxh4 36. Qb4 h3+ 37. Nxh3 Bd8 38. c7 Bxc7 39. Rh1 Qh4 40. Nxf4 Qf6 41. Rh8+ Qxh8
42. Ng6+ Kg7 43. Nxh8 Kxh8 44. Qxb5 Ng7 45. Bc4 Ra5 46. Qb7 Rc5 47. Qc8+ Kh7 48.
Qg8+ Kg6 49. b4 Rc6 50. g5 d5 51. Qxd5 Rd6 52. Qf7+ Kh7 53. Qg8+ Kg6 54. Bf7+
Kxg5 55. Qxg7+ Kf4 56. Qg3+ Ke3 57. Bd5 Bd8 58. f4+ 1-0